Éléments chimiques- Lithium - Statistiques

Statistiques générales
  • Ce quiz a été pris 6 fois
  • Le résultat moyen est 7 sur 18
Statistiques - réponses
Questions Réponses % Correct
Symbole Li
100%
Électronégativité Allred-Rochow 0,97
83%
Electronegativité Pauling 0,98
83%
Niveau d’oxydation 1,0
83%
Désignation Lithium/ Litium
83%
Masse atomique relative 6,941
67%
Dureté de Mohs 0,6
50%
Année de découverte 1817
33%
État de la matière (à 68 °F/ 20 °C et à 1013 hPa) solide
33%
Fraction de masse dans la géosphère de la Terre (en %) 0,006
17%
Type de structure des réseaux cristallin Structure cubique centrée vers l’intérieur
17%
Densité à 68 °F (20 °F) 0,53 g/m^3
0%
Rayon atomique (en pm= en picomètre=10^12) 152
0%
Température d’ébullition 2456,6 °F/ 1347 °C
0%
Température de fusion 356,912 °F/ 180,50 °C
0%
Classification II Élément natural
0%
Découvert par Johan August Arfwedson
0%
Classification I Métaux alcalins/ métal alcalin
0%
Aucun quiz correspondant
Distribution des résultats
% des personnes avec chaque résultat
Percentile par nombre de réponses
Votre historique - résultats
Vous n’avez pas pris ce quiz